It looks like you're offline.
Open Library logo
additional options menu

MARC Record from Library of Congress

Record ID marc_loc_2016/BooksAll.2016.part32.utf8:29605175:985
Source Library of Congress
Download Link /show-records/marc_loc_2016/BooksAll.2016.part32.utf8:29605175:985?format=raw

LEADER: 00985cam a22003254a 4500
001 2004399705
003 DLC
005 20090409082313.0
008 040315s2003 it b 001 0 ita c
010 $a 2004399705
020 $a8845917533
020 $a9788845917530
035 $a(OCoLC)ocm52029277
040 $aCSt$cSTF$dC3L$dDLC
042 $apcc
043 $ae------
050 00 $aD16.9$b.C15 2003
100 1 $aCacciari, Massimo.
245 10 $aGeofilosofia dell'Europa /$cMassimo Cacciari.
250 $aNuova ed. riv. e ampliata, 4. ed.
260 $aMilano :$bAdelphi,$c2003.
300 $a183 p. ;$c22 cm.
490 0 $aSaggi ;$vnuova ser., 15
504 $aIncludes bibliographical references and index.
650 0 $aPolitical science$zEurope$xPhilosophy.
650 0 $aPolitical science$zGreece$xPhilosophy.
650 0 $aEuropeans$xEthnic identity.
650 0 $aPhilosophy, Ancient$xInfluence.
650 0 $aEast and West.
651 0 $aEurope$xHistory$xPhilosophy.